000 003790000a22001450004500
041 0 _aSPA
082 0 4 _aG 820.415 B3965i
100 1 _aBeckett, Samuel (1906-)
245 1 0 _aEl innombrable / Samuel Beckett; R. Santos Torroella, Traductor
260 _aBarcelona, EspaƱa : LUMEN
300 _a182 Pag
500 _aTitulo original : L'innommable
001 10877
942 _cBK
999 _c40297
_d40297